000 00814nam a2200265Ia 4500
003 OSt
005 20221005083230.0
006 a|||||r|||| 00| 0
007 ta
008 221004b |||||||| |||| 00| 0 eng d
024 _a22099
037 _cTextual
040 _aCRL
_cCRL
_beng
041 _2eng
_aeng
082 _a2:(D65,8(B)):71W, M9
110 _aUNIVERSITY GRANTS COMMISSION
_991664
245 0 _aDevelopment of an information and library network
_b Report of the inter agency working group.
260 _aNew Delhi
_bUniversity Grants Commission India
_c1989
300 _a473p.
_ccm.
650 _a LIBRARY SCIENCE
650 _aLIBRARY SCIENCE
700 _aUNIVERSITY GRANTS COMMISSION
_991665
942 _h2:(D65,8(B)):71W, M9
_cTEXL
_2cc
999 _c990518
_d990518